UML distilled: a brief guide to the standard object modeling language

I tiakina i:
Ngā taipitopito rārangi puna kōrero
Kaituhi matua: Fowler, Martín (Author)
Hōputu: Pukapuka
Reo:Ingarihi
I whakaputaina: Boston Addison-Wesley 2004
Putanga:3a. ed
Rangatū:The Addison-Wesley Object Technology Series
Ngā marau:
Ngā Tūtohu: Tāpirihia he Tūtohu
Kāore He Tūtohu, Me noho koe te mea tuatahi ki te tūtohu i tēnei pūkete!

MARC

LEADER 00000nam a2200000 a 4500
001 UCL4951
003 CL-VaPUC
008 040227e20040000US |||||||||||||||||eng|d
020 |a 0321193687 
082 0 4 |a 005.117  |b FOW  |2 21 
100 0 |a Fowler, Martín  |e author  |9 482677 
245 1 0 |a UML distilled: a brief guide to the standard object modeling language 
250 |a 3a. ed 
300 |a 175 p 
942 |c BK 
945 |d 20040227 00:00:00  |a cmena 
260 |a Boston  |b Addison-Wesley  |c 2004 
650 0 |a Programación orientada al objeto  |9 387863 
650 0 |a Software computacional   |9 384784 
650 7 |a UML  |2 CL-VaPUC  |9 482678 
583 |a last modification  |c 20040227 00:00:00  |k Rodrigo Vera 
490 0 |a The Addison-Wesley Object Technology Series 
999 |c 307698  |d 307696 
952 |0 0  |1 0  |4 0  |6 005_117000000000000_FOW_2004  |7 0  |8 A  |9 373764  |a BIBING  |b BIBING  |d 2019-11-21  |i 3984575  |o 005.117 FOW 2004  |p 3984575  |r 2025-01-20  |w 2019-11-21  |y BK  |k EII